Building materials (2nd Ed) (Record no. 588657)
[ view plain ]
| 000 -LEADER | |
|---|---|
| fixed length control field | 00991 a2200265 4500 |
| 003 - CONTROL NUMBER IDENTIFIER | |
| control field | NUST |
| 005 - DATE AND TIME OF LATEST TRANSACTION | |
| control field | 20220308095542.0 |
| 008 - FIXED-LENGTH DATA ELEMENTS--GENERAL INFORMATION | |
| fixed length control field | 120516t xxu||||| |||| 00| 0 eng d |
| 020 ## - INTERNATIONAL STANDARD BOOK NUMBER | |
| International Standard Book Number | 9788120350915 (paperback) |
| 020 ## - INTERNATIONAL STANDARD BOOK NUMBER | |
| International Standard Book Number | 9788120350915 (paperback) |
| 038 ## - RECORD CONTENT LICENSOR | |
| Staff Name | SAIF |
| 040 ## - CATALOGING SOURCE | |
| Transcribing agency | 0 |
| 082 ## - DEWEY DECIMAL CLASSIFICATION NUMBER | |
| Classification number | 691 |
| Author Mark | VAR |
| 100 1# - MAIN ENTRY--PERSONAL NAME | |
| Personal name | Varghese, P.C. |
| 9 (RLIN) | 90445 |
| 245 10 - TITLE STATEMENT | |
| Title | Building materials (2nd Ed) |
| Statement of responsibility, etc. | P.C. Varghese. |
| 260 ## - PUBLICATION, DISTRIBUTION, ETC. | |
| Place of publication, distribution, etc. | New Delhi |
| Name of publisher, distributor, etc. | Prentice-Hall of India Pvt.Ltd, |
| Date of publication, distribution, etc. | 2015 |
| 300 ## - PHYSICAL DESCRIPTION | |
| Extent | xix.267p.: |
| Other physical details | ill;. |
| Dimensions | 22cm |
| 500 ## - GENERAL NOTE | |
| General note | Includes index.(p265-p267) |
| 563 ## - BINDING INFORMATION | |
| Binding note | H.B |
| 650 ## - SUBJECT ADDED ENTRY--TOPICAL TERM | |
| Topical term or geographic name entry element | Building materials |
| 9 (RLIN) | 90444 |
| 760 ## - MAIN SERIES ENTRY | |
| Edition | Second Edition |
| 856 40 - ELECTRONIC LOCATION AND ACCESS | |
| Materials specified | Amazon.com |
| Uniform Resource Identifier | <a href="https://www.amazon.com/Building-Materials-P-C-Varghese-ebook/dp/B00K7YFW5M/ref=sr_1_1?crid=3V90FUBX3WAFU&keywords=9788120350915&qid=1646714960&s=books&sprefix=9788120350915%2Cstripbooks-intl-ship%2C875&sr=1-1">https://www.amazon.com/Building-Materials-P-C-Varghese-ebook/dp/B00K7YFW5M/ref=sr_1_1?crid=3V90FUBX3WAFU&keywords=9788120350915&qid=1646714960&s=books&sprefix=9788120350915%2Cstripbooks-intl-ship%2C875&sr=1-1</a> |
| 942 ## - ADDED ENTRY ELEMENTS (KOHA) | |
| Institution code [OBSOLETE] | SCEE |
| Koha item type | Book |
| Call number prefix | 691 VAR 2015 |
| Source of classification or shelving scheme | |
| Withdrawn status | Lost status | Source of classification or shelving scheme | Damaged status | Not for loan | Permanent Location | Current Location | Date acquired | Total Checkouts | Full call number | Barcode | Date last seen | Price effective from | Koha item type |
|---|---|---|---|---|---|---|---|---|---|---|---|---|---|
| School of Civil and Environmental Engineering (SCEE) | School of Civil and Environmental Engineering (SCEE) | 03/08/2022 | 691 VAR | NIT-13540 | 03/08/2022 | 03/08/2022 | Book |
